Dynamic Modelling and Control of National Economics 1986 proceedings of the 5th IFAC/IFORS Conference Budapest, Hungary, 17-20 June 1986

Gespeichert in:
Bibliographische Detailangaben
Weitere Verfasser: Martos, B.
Format: Buch
Sprache:Englisch
Veröffentlicht: Oxford Pergamon Press 1987
Ausgabe:1. ed.
Tags: Tag hinzufügen
Keine Tags, Fügen Sie das erste Tag hinzu!

MARC

LEADER 00000nam a2200000 4500
001 c038072
005 20221219115723.2
041 0 |a eng 
044 |a GB 
245 1 0 |a Dynamic Modelling and Control of National Economics 1986  |b proceedings of the 5th IFAC/IFORS Conference Budapest, Hungary, 17-20 June 1986  |c Edit. B. Martos 
250 |a 1. ed. 
264 1 |a Oxford  |b Pergamon Press  |c 1987 
300 |a 494 s. 
700 1 |a Martos, B.